000 00622nam a2200253Ia 4500
008 181129s9999 xx 000 0 und d
020 _a9780061252020
050 _bG141 2006
100 _aGaiman, Neil
245 0 _aFragile things :
245 0 _bshort fictions and wonders /
245 0 _cby Neil Gailman.
250 _aFirst edition.
260 _aNew York, NY :
260 _bHarper Perennial,
260 _c2006
300 _a360 pages :
300 _billustrations ;
300 _c20cm.
650 _aMagic.
650 _aShort stories, English.
650 _aShort stories.
700 _aTitle.
999 _c359504
_d359504